| 000 | 00843nam a2200229 i 4500 | ||
|---|---|---|---|
| 001 | 59347 | ||
| 003 | ES-MaACL | ||
| 005 | 20250302063058.0 | ||
| 007 | t| | ||
| 008 | 031028s1960 sp ||||1| spa d | ||
| 100 | 1 |
_aEncina, Juan del, _d1469-1529 _947173 _eaut |
|
| 245 | 1 | 0 |
_aÉgloga de Plácida y Victoriano, precedida de otras tres églogas introductorias / _cJuan de la Encina ; edición, estudio y notas por Ernesto Giménez Caballero. |
| 250 | _a4ª ed., ilustrada. | ||
| 260 |
_aZaragoza : _bEbro, _c1960. |
||
| 300 |
_a127 p. : _bil. ; _c18 cm. |
||
| 490 | 1 |
_aBiblioteca clásica Ebro ; _v19. Teatro ; _v6 |
|
| 700 | 1 |
_aGiménez Caballero, Ernesto, _d1899-1988 _957038 _epbl |
|
| 830 | 1 |
_aBiblioteca clásica Ebro ; _v19. Teatro ; _v6 _9182675 |
|
| 852 |
_aES-MaACL _jE-2445 |
||
| 942 | _2udc | ||
| 999 |
_c59347 _d59347 |
||